000 00873nam a22003017a 4500
001 00199
003 DO-SdBNP
005 20180313133447.0
007 00199
008 160415b dr 2013||||| |||| 00| 0 spa d
040 _aBPMSU
_bspa
_cBPMSU
092 _axxxxxxxx
_bxxxxxxxx
100 1 _aNivar, Nora
245 1 _aLengua española :
_bcurso de nivelación /
_cNora Nivar, Cristina Díaz, Liliana Pérez
250 _a2a ed.
260 _aSanto Domingo :
_bMESCyT,
_c2013
300 _a186 p. :
_bil.,
_c27 cm.
490 1 _aHumanidades
490 1 _aLengua Española y Literatura
_v2
504 _aBibliografías : p. 185-186
700 1 _aDíaz, Cristina
700 1 _aPérez, Liliana
830 0 _aHumanidades
830 0 _aLengua Española y Literatura
_n2
942 _2ddc
_cBK
945 _aRemanejado para la BNPHU / 2018 VM
956 _aBRENDA TAVÁREZ
_210
999 _c9801
_d9801